Budhi volume 2 (Record no. 9568)

MARC details
000 -LEADER
fixed length control field 00452nam a22001697a 4500
003 - CONTROL NUMBER IDENTIFIER
control field OSt
005 - DATE AND TIME OF LATEST TRANSACTION
control field 20260421061906.0
008 - FIXED-LENGTH DATA ELEMENTS--GENERAL INFORMATION
fixed length control field 260421b |||||||| |||| 00| 0 eng d
020 ## - INTERNATIONAL STANDARD BOOK NUMBER
International Standard Book Number 0118-5942
040 ## - CATALOGING SOURCE
Original cataloging agency DWCL-Admin lib
Transcribing agency OC
082 ## - DEWEY DECIMAL CLASSIFICATION NUMBER
Classification number Circ. 300 B859b 1998
100 ## - MAIN ENTRY--PERSONAL NAME
Personal name David, Luis S.
245 ## - TITLE STATEMENT
Title Budhi volume 2
Statement of responsibility, etc. Luis S. David
260 ## - PUBLICATION, DISTRIBUTION, ETC.
Place of publication, distribution, etc. Ateneo de Manila ;
Date of publication, distribution, etc. c. 1998.
300 ## - PHYSICAL DESCRIPTION
Extent 254 p. ;
Dimensions 22 cm.
942 ## - ADDED ENTRY ELEMENTS (KOHA)
Source of classification or shelving scheme Dewey Decimal Classification
Koha item type Book Circulation
Classification part Circ.
Suppress in OPAC No
952 ## - LOCATION AND ITEM INFORMATION (KOHA)
--
Holdings
Withdrawn status Lost status Source of classification or shelving scheme Damaged status Not for loan Home library Current library Shelving location Date acquired Cost, normal purchase price Total Checkouts Full call number Barcode Date last seen Copy number Price effective from Koha item type Uniform Resource Identifier
    Dewey Decimal Classification     College Library College Library Circulation 04/21/2026 0.00   Circ. 300 B859b 1998 CL33650 04/21/2026 c1 04/21/2026 BK-CIRC